Statistiques concernant Préfectures de France : Marseille

Cliquez ici pour prendre le quiz!

Statistiques générales

  • Ce quiz a été pris 43 fois
  • Le résultat moyen est 18 sur 41

Statistiques - réponses

QuestionRéponse% Correct
Quel numéro porte celui-ci ?13
100%
De quel département est-ce la préfecture ?Bouches-du-Rhône
100%
Comment se nomment ses habitants ?Marseillais | Marseillaises
100%
A quelle région administrative appartient la ville depuis 2015 ?Provence-Alpes-Côte d'Azur
95%
La ville est bordée par la merMéditerranée
89%
Quelles sont les sous-préfectures qui en dépendent ?Aix-en-Provence
79%
Les couleurs de fond de son blason sont le/l'blanc
79%
Les couleurs de fond de son blason sont le/l'bleu
79%
La ville est desservie par l'autorouteA7
76%
Les communes limitrophes sontAubagne
71%
La ville appartient au diocèse de/d'Marseille
71%
La ville appartient à l'académie deAix-Marseille
68%
Les journaux locauxLa {Provence}
68%
Quelles sont les sous-préfectures qui en dépendent ?Arles
58%
Les communes limitrophes sontCassis
55%
Les principales plages sontle {Prado}
55%
Quelles sont les sous-préfectures qui en dépendent ?Istres
53%
Les principales plages sontla {Pointe} rouge
53%
Les journaux locauxLa {Marseillaise}
42%
Les communes limitrophes sontAllauch
37%
Les principales plages sontles {Catalans}
34%
La ville est desservie par l'autorouteA50
32%
Ville non européenne jumelée avec la ville (7 possible)Abidjan | Haïfan | Kobe | Dakar | Shanghaï | Marrakech | Tunis
29%
Les communes limitrophes sontSeptèmes-les-Vallons
29%
La ville est desservie par l'autorouteA55
26%
Ville ayant un accord de coopération avec la ville (23 possible)Agadir | Alexandrie | Alger | Bamako | Barcelone | Beyrouth | Casablanca | Erevan | Gdansk | Istanbul | Jérusalem | Limassol | Lomé | Meknès | Montevideo | Rabat | Saint-Pétersbourg | Sarajevo | Sousse | Tirana | Tripoli | Valparaiso |Varna
26%
Ville européenne jumelée avec la ville (7 possible)Anvers | Copenhague | Gênes | Hambourg | Odessa | Le Pirée | Glasgow
24%
Les communes limitrophes sontLes Pennes-Mirabeau
24%
Les principales plages sontdu {Prophète}
21%
Les communes limitrophes sontLe Rove
21%
Le service de bicyclettes en libre service se nommeLe {Vélo}
21%
Les communes limitrophes sontPlan-de-Cuques
21%
Les communes limitrophes sontLa Penne-sur-Huveaune
13%
La ville est proche des massifs de/duGarlaban
11%
La ville est proche des massifs de/dul'{Etoile}
11%
La ville est la plus (...) de Franceancienne
8%
La ville est proche des massifs de/dul'{Estaque}
8%
La principale gare a été mise en service en1848
5%
La ville est proche des massifs de/duMarseilleveyre
5%
La ville est proche des massifs de/duSaint-Cyr
5%
Les communes limitrophes sontSimiane-Collongue
0%

Distribution des résultats

Percentile par nombre de réponses

% des personnes avec chaque résultat

Votre développement - résultats

Vous n’avez pas pris ce quiz